| 000 | 005260000a22002170004500 | ||
|---|---|---|---|
| 005 | 20120302061949.0 | ||
| 942 | _cBOOK | ||
| 100 | _a Sankalia,H.D. | ||
| 245 | _a Prehistory & Protohistory of India & Pakistan | ||
| 260 | _aPoona:Deccan College,1974. | ||
| 300 | _a23,592p. | ||
| 040 | _aENG | ||
| 650 | _aHistory | ||
| 650 | _aArt | ||
| 650 | _aArcheology | ||
| 650 | _aPrehistory | ||
| 650 | _aProtohistory | ||
| 650 | _aIndia-Pakistan | ||
| 650 | _aLower Palaeolithic | ||
| 650 | _aMiddle Palaeolithic Culture | ||
| 999 |
_c355388 _d355385 |
||